Delegue en los innovadores que tiene a su alrededor (Registro nro. 14609)

Detalles MARC
000 -LEADER
fixed length control field 00338 a2200109 4500
001 - CONTROL NUMBER
control field ART_11172
005 - DATE AND TIME OF LATEST TRANSACTION
control field 20260410161655.0
008 - FIXED-LENGTH DATA ELEMENTS--GENERAL INFORMATION
fixed length control field 260409a
100 1# - MAIN ENTRY--PERSONAL NAME
Personal name Hamel, Gary
245 10 - TITLE STATEMENT
Title Delegue en los innovadores que tiene a su alrededor
773 0# - HOST ITEM ENTRY
Title Harvard Deusto Business Review
Related parts - Nº 104 (sep./oct. 2001)
Record control number REV521

No hay ítems disponibles.